| 000 | 02357nam a22003737a 4500 | ||
|---|---|---|---|
| 005 | 2010080404034.0 | ||
| 010 | _aENG-98186 B-440885-886 B-428321 B-423092-094 | ||
| 020 |
_a9788189013721 _c295.00 |
||
| 035 | _aEN-81719 | ||
| 035 | _a B-440885-886 | ||
| 035 | _a B-428321 | ||
| 035 | _aB-423092-094 | ||
| 037 | _bDBAD/PUB | ||
| 037 | _bResearchco Book Centre | ||
| 082 | _aN | ||
| 100 |
_aChandrakanta _932689 |
||
| 245 |
_aA street in srinagar / _cby Chandrakanta ; translated by Manisha Chaudhary |
||
| 260 |
_aNew Delhi _bZubaan _c2010 |
||
| 270 |
_a128B Shahpur Jat, 1st Floor _bNew Delhi |
||
| 300 | 2 |
_a221p. _c21cm (pbk) |
|
| 650 |
_aNovel _9904 |
||
| 700 |
_aChaudhary, Manisha _95933 |
||
| 942 |
_2ddc _cEN _hN _mCHA |
||
| 999 |
_c39204 _d39204 |
||